<?xml version="1.0" encoding="UTF-8"?><?xml-stylesheet type="text/xsl" href="static/style.xsl"?><OAI-PMH xmlns="http://www.openarchives.org/OAI/2.0/" xmlns:xsi="http://www.w3.org/2001/XMLSchema-instance" xsi:schemaLocation="http://www.openarchives.org/OAI/2.0/ http://www.openarchives.org/OAI/2.0/OAI-PMH.xsd"><responseDate>2026-04-17T15:33:59Z</responseDate><request verb="GetRecord" identifier="oai:www.recercat.cat:2072/422654" metadataPrefix="marc">https://recercat.cat/oai/request</request><GetRecord><record><header><identifier>oai:recercat.cat:2072/422654</identifier><datestamp>2024-10-29T16:56:41Z</datestamp><setSpec>com_2072_98</setSpec><setSpec>col_2072_378196</setSpec></header><metadata><record xmlns="http://www.loc.gov/MARC21/slim" xmlns:dcterms="http://purl.org/dc/terms/" xmlns:xsi="http://www.w3.org/2001/XMLSchema-instance" xmlns:doc="http://www.lyncode.com/xoai" xsi:schemaLocation="http://www.loc.gov/MARC21/slim http://www.loc.gov/standards/marcxml/schema/MARC21slim.xsd">
   <leader>00925njm 22002777a 4500</leader>
   <datafield ind2=" " ind1=" " tag="042">
      <subfield code="a">dc</subfield>
   </datafield>
   <datafield ind2=" " ind1=" " tag="720">
      <subfield code="a">Cappadona Cappadona, Giulio</subfield>
      <subfield code="e">author</subfield>
   </datafield>
   <datafield ind2=" " ind1=" " tag="720">
      <subfield code="a">Universitat Autònoma de Barcelona. Facultat d'Economia i Empresa</subfield>
      <subfield code="e">author</subfield>
   </datafield>
   <datafield ind2=" " ind1=" " tag="260">
      <subfield code="c">2020</subfield>
   </datafield>
   <datafield ind2=" " ind1=" " tag="520">
      <subfield code="a">El sistema agroalimentari, per com està planejat avui dia, representa la maximització del benefici en contra de la dignitat dels treballadors del sector i de el medi rural en el qual es desplega. El moviment de la sobirania alimentària neix per contrarestar aquest procés i proposar una alternativa, l'agroecologia, que representa la forma més sostenible, ecològicament i socialment, de produir aliments i de redistribuir benestar. En l'informe de l'Aresta (Martin, 2017) s'evidencia la importància del paper dels grups de consum agroecològics com a espais per debatre i crear relacions de confiança entre proveïdors i consumidors. Tot i això, el moviment agroecològic s'ha d'enfrontar a el fet que, actualment, els canals dels grups de consum no permeten cobrir l'oferta existent de producte agroecològic al mercat i que, alhora, els productors agroecològics tenen serioses dificultats per autorganizar-se per falta de temps i recursos. En l'últim lustre han nascut a Europa iniciatives que promouen l'establiment de supermercats cooperatius i participatius, amb l'objectiu de proveir la població amb una alimentació sostenible, assequible, democràtica, justa i de proximitat.</subfield>
   </datafield>
   <datafield ind2=" " ind1=" " tag="520">
      <subfield code="a">El sistema agro-alimentario, por como está planeado hoy en día, representa la maximización del beneficio en contra de la dignidad de los trabajadores del sector y del medio rural en el cual se despliega. El movimiento de la soberanía alimentaria nace para contrarrestar este proceso y proponer una alternativa, la agroecología, que representa la forma más sostenible, ecológicamente y socialmente, de producir alimentos y de redistribuir bienestar. En el informe de la Aresta (Martin, 2017) se evidencia la importancia del rol de los grupos de consumo agroecológicos como espacios para debatir y crear relaciones de confianza entre los proveedores y los consumidores. A pesar de esto, el movimiento agroecológico se tiene que enfrentar al hecho de que, actualmente, los canales de los grupos de consumo no permiten cubrir la oferta existente de producto agroecológico en el mercado y que, a la vez, los productores agroecológicos tienen serias dificultades para autorganizarse por falta de tiempo y recursos. En el último lustro han nacido en Europa iniciativas que promueven el establecimiento de supermercados cooperativos y participativos, con el objetivo de proveer la población con una alimentación sostenible, asequible, democrática, justa y de proximidad.</subfield>
   </datafield>
   <datafield ind2=" " ind1=" " tag="520">
      <subfield code="a">The agro-food system, as planned today, represents the maximization of profit against the dignity of workers in the sector and in the rural environment in which it is deployed. The food sovereignty movement was born to counter this process and propose an alternative, agroecology, which represents the most ecologically and socially sustainable way of producing food and redistributing well-being. The Aresta report (Martin, 2017) shows the importance of the role of agroecological consumer groups as spaces to debate and create relationships of trust between providers and consumers. Despite this, the agroecological movement has to face the fact that, at present, the channels of the consumer groups do not allow to cover the existing offer of agroecological product in the market and that, at the same time, the agroecological producers have serious difficulties to self-organize due to lack of time and resources. In the last five years, initiatives have been born in Europe that promotes the establishment of cooperative and participative supermarkets, with the aim of providing the population with a sustainable, affordable, democratic, fair and local diet.</subfield>
   </datafield>
   <datafield tag="653" ind2=" " ind1=" ">
      <subfield code="a">Sobirania alimentària</subfield>
   </datafield>
   <datafield tag="653" ind2=" " ind1=" ">
      <subfield code="a">Mercat social</subfield>
   </datafield>
   <datafield tag="653" ind2=" " ind1=" ">
      <subfield code="a">Grups de consum</subfield>
   </datafield>
   <datafield tag="653" ind2=" " ind1=" ">
      <subfield code="a">Xarxes Alimentàries Alternatives (XAA)</subfield>
   </datafield>
   <datafield tag="653" ind2=" " ind1=" ">
      <subfield code="a">Circuits Curts de Comercialització (CCC)</subfield>
   </datafield>
   <datafield tag="653" ind2=" " ind1=" ">
      <subfield code="a">Supermercats cooperatius i participatius</subfield>
   </datafield>
   <datafield tag="653" ind2=" " ind1=" ">
      <subfield code="a">Supermercats cooperatius</subfield>
   </datafield>
   <datafield tag="653" ind2=" " ind1=" ">
      <subfield code="a">Agroecologia</subfield>
   </datafield>
   <datafield tag="653" ind2=" " ind1=" ">
      <subfield code="a">Indicadors</subfield>
   </datafield>
   <datafield tag="653" ind2=" " ind1=" ">
      <subfield code="a">Soberanía alimentaria</subfield>
   </datafield>
   <datafield tag="653" ind2=" " ind1=" ">
      <subfield code="a">Mercado social</subfield>
   </datafield>
   <datafield tag="653" ind2=" " ind1=" ">
      <subfield code="a">Grupos de consumo</subfield>
   </datafield>
   <datafield tag="653" ind2=" " ind1=" ">
      <subfield code="a">Redes alimentarias alternativas (raa)</subfield>
   </datafield>
   <datafield tag="653" ind2=" " ind1=" ">
      <subfield code="a">Circuitos Cortos de Comercialización (CCC)</subfield>
   </datafield>
   <datafield tag="653" ind2=" " ind1=" ">
      <subfield code="a">Supermercados cooperativos y participativos</subfield>
   </datafield>
   <datafield tag="653" ind2=" " ind1=" ">
      <subfield code="a">Supermercados cooperativos</subfield>
   </datafield>
   <datafield tag="653" ind2=" " ind1=" ">
      <subfield code="a">Agroecología</subfield>
   </datafield>
   <datafield tag="653" ind2=" " ind1=" ">
      <subfield code="a">Indicadores</subfield>
   </datafield>
   <datafield tag="653" ind2=" " ind1=" ">
      <subfield code="a">Food sovereignty</subfield>
   </datafield>
   <datafield tag="653" ind2=" " ind1=" ">
      <subfield code="a">Social market</subfield>
   </datafield>
   <datafield tag="653" ind2=" " ind1=" ">
      <subfield code="a">Consumer groups</subfield>
   </datafield>
   <datafield tag="653" ind2=" " ind1=" ">
      <subfield code="a">Alternative food networks (afn)</subfield>
   </datafield>
   <datafield tag="653" ind2=" " ind1=" ">
      <subfield code="a">Short supply chains (ssc)</subfield>
   </datafield>
   <datafield tag="653" ind2=" " ind1=" ">
      <subfield code="a">Cooperative and participative supermarkets</subfield>
   </datafield>
   <datafield tag="653" ind2=" " ind1=" ">
      <subfield code="a">Cooperative supermarkets</subfield>
   </datafield>
   <datafield tag="653" ind2=" " ind1=" ">
      <subfield code="a">Agroecology</subfield>
   </datafield>
   <datafield tag="653" ind2=" " ind1=" ">
      <subfield code="a">Indicators</subfield>
   </datafield>
   <datafield ind2="0" ind1="0" tag="245">
      <subfield code="a">Els supermercats cooperatius i participatius com a eina per la sobirania alimentària i el mercat social</subfield>
   </datafield>
</record></metadata></record></GetRecord></OAI-PMH>